| 000 -CABECERA |
| Longitud fija campo de control |
00752nam a2200217 a 4500 |
| 001 - NÚMERO DE CONTROL |
| Número de control |
3066 |
| 003 - IDENTIFICADOR DEL NÚMERO DE CONTROL |
| Identificador del número de control |
CDMR |
| 005 - FECHA Y HORA DE LA ÚLTIMA TRANSACCIÓN |
| Fecha y hora de la última transacción |
20131202133007.0 |
| 008 - CÓDIGOS DE INFORMACIÓN DE LONGITUD FIJA |
| Códigos de información de longitud fija |
130130s1960||||||||||||||||||||||||||||d |
| 040 ## - FUENTE DE LA CATALOGACIÓN |
| Centro catalogador de origen |
CDMR |
| Lengua de catalogación |
cat |
| Centro transcriptor |
CDMR |
| 100 1# - PUNTO DE ACCESO PRINCIPAL-NOMBRE DE PERSONA |
| Nombre de persona |
Dovifat, Emil |
| 9 (RLIN) |
2240 |
| 245 10 - MENCIÓN DE TÍTULO |
| Título |
Periodismo |
| Resto del título |
: [tomo II] : la redacción, las secciones, edición y venta, economía y técnica, garantía de la misión pública |
| Mención de responsabilidad, etc. |
per Emil Dovifat ; traducción Felix Blanco |
| 246 ## - VARIANTES DE TÍTULO |
| Título propio / Título en breve |
Periodismo 2 |
| 260 ## - PUBLICACIÓN, DISTRIBUCIÓN, ETC. (PIE DE IMPRENTA) |
| Lugar de publicación, distribución, etc. |
México |
| Fecha de publicación, distribución, etc. |
1960 |
| Nombre del editor, distribuidor, etc. |
UTHEA |
| 300 ## - DESCRIPCIÓN FÍSICA |
| Extensión |
178 p. |
| 490 0# - MENCIÓN DE SERIE |
| Mención de serie |
Manuales UTEHA |
| Designación de volumen o secuencia |
9 |
| 490 0# - MENCIÓN DE SERIE |
| Mención de serie |
Ciencias sociales UTEHA |
| Designación de volumen o secuencia |
14 |
| 500 ## - NOTA GENERAL |
| Nota general |
L'exemplar correspon al Tomo II de l'obra |
| 650 04 - PUNTO DE ACCESO ADICIONAL DE MATERIA - TÉRMINO DE MATERIA |
| 9 (RLIN) |
3665 |
| Término de materia o nombre geográfico como elemento inicial |
Empreses periodístiques |
| Subdivisión de materia general |
Direcció i administració |
| 942 ## - ENTRADA DE ELEMENTOS AGREGADOS (KOHA) |
| Koha [por defecto] tipo de item |
Monografies |
| Fuente de clasificaión o esquema |
|